100 Largest Islands on the World Map by size - Statistics

General Stats
  • This quiz has been taken 640 times
  • The average score is 10 of 100
Answers on the Map
Answers color-coded by a green-red scale on the quiz's map according to % correct below.
 
Answer Stats
Area Island % Correct
2,130,800 Greenland
100%
785,753 New Guinea
71%
748,168 Borneo
69%
587,041 Madagascar
67%
507,451 Baffin
60%
443,066 Sumatra
60%
225,800 Honshu
55%
209,331 Great Britain
51%
217,291 Victoria
45%
196,236 Ellesmere
42%
145,836 South
35%
138,794 Java
30%
111,583 North
27%
180,681 Sulawesi
27%
109,965 Luzon
23%
101,826 Iceland
22%
105,806 Cuba
19%
84,421 Ireland
19%
78,719 Hokkaido
17%
108,860 Newfoundland
17%
73,929 Hispaniola
14%
97,530 Mindanao
14%
65,268 Sri Lanka
11%
72,493 Sakhalin
10%
65,022 Tasmania
10%
70,028 Banks
8%
35,883 Taiwan
4%
43,178 Axel Heiberg
3%
55,247 Devon
3%
33,210 Hainan
3%
37,437 Kyushu
3%
23,949 Sardinia
3%
47,079 Severny
3%
25,662 Sicily
3%
47,401 Tierra del Fuego
3%
49,070 Alexander
2%
43,873 Berkner
2%
9,234 Cyprus
2%
11,190 Jamaica
2%
40,100 Marajó
2%
42,149 Melville
2%
35,145 New Britain
2%
16,648 New Caledonia
2%
33,339 Prince of Wales
2%
9,100 P{uerto Rico}
2%
18,545 Shikoku
2%
41,214 Southampton
2%
38,981 Spitsbergen
2%
28,418 Timor
2%
31,285 Vancouver
2%
33,246 Yuzhny
2%
20,000 Bananal
1%
11,413 Bangka
1%
16,042 Bathurst
1%
11,206 Bolshevik
1%
9,318 Bougainville
1%
11,067 Bylot
1%
10,311 Cape Breton
1%
8,741 C{orsica}
1%
8,350 C{rete}
1%
11,295 Ellef Ringnes
1%
14,154 Flores
1%
18,040 Halmahera
1%
10,434 Hawaiʻi
1%
13,111 King William
1%
9,310 Kodiak
1%
8,812 K{omsomolets}
1%
24,000 Kotelny
1%
10,572 Mindoro
1%
13,075 Negros
1%
14,467 Nordaustlandet
1%
14,204 October Revolution
1%
12,189 Palawan
1%
12,011 Panay
1%
9,521 Prince Charles
1%
15,848 Prince Patrick
1%
12,849 Samar
1%
17,454 Seram
1%
24,786 Somerset
1%
10,711 Sumba
1%
14,386 Sumbawa
1%
15,700 Thurston
1%
10,531 Viti Levu
1%
11,742 Yos Sudarso
1%
7,031 Z{ealand}
1%
7,941 A{nticosti}
0%
8,473 B{uru}
0%
8,500 C{arney}
0%
8,478 C{hiloé}
0%
6,995 C{ornwallis}
0%
7,040 E{ast Falkland}
0%
6,617 K{erguelen}
0%
7,368 L{eyte}
0%
7,405 N{ew Ireland}
0%
6,675 P{rince of Wales}
0%
8,612 Q{eqertarsuaq}
0%
7,910 R{oosevelt}
0%
6,390 S{iple}
0%
7,700 T{upinambarana}
0%
7,866 W{rangel}
0%
No matching quizzes found
Score Distribution
Percent of People with Each Score
Percentile by Number Answered
Your Score History
You have not taken this quiz